Estadísticas para Anagramas - Capitales Europeas

Haz click aquí para intentar la prueba.

Estadísticas generales

  • Esta prueba ha sido intentada 3.225 veces
  • La puntuación promedio es 13 de 20

Estadísticas de respuestas

Capital% Correcto
Kiev
93%
Ámsterdam
92%
Roma
92%
Oslo
91%
Moscú
89%
Luxemburgo
85%
Praga
84%
París
81%
Riga
80%
Viena
80%
Minsk
79%
Zagreb
79%
Sofía
76%
Berna
73%
Berlín
72%
Dublin
72%
Madrid
72%
Helsinki
70%
Mónaco
70%
Reikiavik
70%
Sarajevo
70%
Varsovia
69%
Vilna
69%
Budapest
68%
Bratislava
67%
Copenhague
66%
Estocolmo
65%
Vaduz
64%
Liubliana
60%
Skopie
58%
Lisboa
57%
Tallin
56%
Chișinău
55%
Podgorica
53%
Atenas
51%
Bruselas
51%
Belgrado
50%
Tirana
50%
Bucarest
45%
Vaticano
38%
Londres
37%
Pristina
37%

Distribución de puntuación

Porcentaje por número respondido

Porcentaje de gente con cada puntuación

Historial de tus puntuaciones

No has intentado esta prueba.